Loading...
| Literature - Long Fiction | 1 | 4 | 1 | 0 | 50 | 76 | 101.60 | 1 | 5 |
| Other Academic | 1 | 4 | 1 | 1 | 50 | 82 | 100.00 | 0 | 5 |
| Fine Arts - Painting and Sculpture | 1 | 5 | 3 | 0 | 50 | 47 | 103.50 | 3 | 6 |
| Literature - Poetry | 2 | 2 | 0 | 2 | 50 | 64 | 107.25 | 2 | 4 |
| History - Other History | 0 | 3 | 0 | 1 | 30 | 72 | 97.33 | 0 | 3 |
| Philosophy | 0 | 3 | 0 | 1 | 30 | 108 | 122.33 | 2 | 3 |
| Literature - Short Fiction | 0 | 2 | 0 | 0 | 20 | 91 | 97.50 | 1 | 2 |
| Literature - Misc Literature | 0 | 2 | 0 | 0 | 20 | 82 | 96.00 | 0 | 2 |
| Fine Arts - Other Fine Arts | 0 | 2 | 1 | 0 | 15 | 129 | 129.00 | 0 | 2 |
| Social Science | 0 | 1 | 0 | 0 | 10 | 125 | 125.00 | 0 | 1 |
| Geography | 0 | 1 | 0 | 1 | 10 | 130 | 130.00 | 0 | 1 |
| Fine Arts - Classical Music | 0 | 1 | 0 | 0 | 10 | 153 | 153.00 | 1 | 1 |
| Science - Chemistry | 0 | 1 | 0 | 0 | 10 | 132 | 132.00 | 0 | 1 |
| Literature - Drama | 0 | 0 | 2 | 0 | -10 | 0.00 | 0 | 0 |